|
|
|
|
| LEADER |
00000naa2a2200000 4500 |
| 001 |
115512 |
| 005 |
20240212154618.0 |
| 035 |
|
|
|a (RuTPU)RU\TPU\book\124930
|
| 090 |
|
|
|a 115512
|
| 100 |
|
|
|a 20070510d2006 k y0rusy50 ca
|
| 101 |
0 |
|
|a rus
|
| 102 |
|
|
|a RU
|
| 200 |
1 |
|
|a Совершенствование тепловой схемы томской ТЭЦ-3 путём внедрения турбин малой мощности
|f Р. В. Городов, В. Е. Губин, К. А. Максимов
|
| 461 |
|
1 |
|0 (RuTPU)RU\TPU\book\111998
|t Современные техника и технологии
|o 12-я международная научно-практическая конференция студентов, аспирантов и молодых ученых, г. Томск, 27 марта - 31 марта 2006 г.
|o труды в 2 т.
|f Томский политехнический университет
|d 2006
|
| 463 |
|
0 |
|0 (RuTPU)RU\TPU\book\114157
|t Т. 2
|v С. 350-353
|d 2006
|p 518 с.
|
| 610 |
1 |
|
|a турбины
|
| 610 |
1 |
|
|a тепловые схемы
|
| 610 |
1 |
|
|a ТЭЦ-3
|
| 610 |
1 |
|
|a турбины малой мощности
|
| 610 |
1 |
|
|a труды учёных ТПУ
|
| 700 |
|
1 |
|a Городов
|b Р. В.
|c специалист в области математического моделирования
|c аспирант Томского политехнического университета
|f 1982-
|g Роман Владимирович
|3 (RuTPU)RU\TPU\pers\25511
|
| 701 |
|
1 |
|a Губин
|b В. Е.
|c специалист в области энергетики
|c доцент Томского политехнического университета, кандидат технических наук
|f 1976-
|g Владимир Евгеньевич
|3 (RuTPU)RU\TPU\pers\25985
|9 11834
|
| 701 |
|
1 |
|a Максимов
|b К. А.
|
| 801 |
|
1 |
|a RU
|b 63413507
|c 20070510
|g PSBO
|
| 801 |
|
2 |
|a RU
|b 63413507
|c 20191216
|g RCR
|
| 942 |
|
|
|c BK
|